| 000 | 00752nam a2200241Ia 4500 | ||
|---|---|---|---|
| 003 | OSt | ||
| 005 | 20220925204320.0 | ||
| 006 | a|||||r|||| 00| 0 | ||
| 007 | ta | ||
| 008 | 220923b |||||||| |||| 00| 0 eng d | ||
| 037 | _cGeneral Book | ||
| 040 |
_aRTL _cRTL _beng |
||
| 041 |
_2eng _aeng |
||
| 082 | _aX:54.5.N90, N0.32-9/UN | ||
| 110 |
_aGENEVA, ECONOMIC COMMISSION FOR EUROPE. _9268156 |
||
| 245 | 0 | _aStatistical indicators of short-term economic changes in ECE countries. | |
| 260 |
_aGeneva _bUnited Nationa _c1990 |
||
| 300 |
_a75p. _ccm. |
||
| 490 | _vVol.32, no.9 | ||
| 700 |
_aGENEVA, ECONOMIC COMMISSION FOR EUROPE. _9268157 |
||
| 942 |
_hX:54.5.N90, N0.32-9/UN _cGB _2CC |
||
| 999 |
_c549124 _d549124 |
||